| 000 | 00934nam a2200241Ia 4500 | ||
|---|---|---|---|
| 008 | 130821s2009 ck gr spa | ||
| 020 | _a9789584442703 | ||
| 040 |
_aCo-BoUCM _bspa |
||
| 041 | 0 | 0 | _aspa |
| 245 | 1 | 0 |
_aClima organizacional una aproximación a su dinámica en la empresa latinoamericana _ceditor, Fernando Toro Álvarez |
| 260 |
_aBogotá (Colombia) _bCINCEL _c2009 |
||
| 300 | _a368 páginas | ||
| 504 | _aIncluye índica | ||
| 650 | 0 | 4 |
_aAdministración de empresas _9435 |
| 650 | 0 | 4 |
_aAdministración de empresas _zAmérica Latina _9435 |
| 650 | 0 | 4 |
_aClima organizacional _911031 |
| 650 | 0 | 4 |
_aProductividad del trabajo _922438 |
| 650 | 0 | 4 |
_aSatisfacción en el trabajo _924033 |
| 700 | 1 |
_aToro Álvarez, Fernando _eed. _9161570 |
|
| 710 | 2 |
_aCentro de Investigación en Comportamiento Organizacional. CINCEL _9165327 |
|
| 942 |
_cLIBRO _a16 _e1 _mC639c _2DEWEY _h658.314 |
||
| 999 |
_c60990 _d60990 |
||